Statistics for Thor Ragnarok

Click here to take the quiz!

General Stats

  • This quiz has been taken 115 times
  • The average score is 9 of 11

Answer Stats

HintAnswer% Correct
Who is the main villainHela
100%
Who is the ChampionHulk
99%
Who is the rock guyKorg
88%
Loki
86%
Who are The 3 other members of the RevVengersThor
85%
Who is the creator of the contest of ChampionsGrandmaster
81%
Who destroyed AsgardSurtur
80%
Valkyrie
80%
Who's ship is at the end creditsThanos
69%
Who is the rock guy's best friendMiek
59%
What is the wolf calledFenris
38%

Score Distribution

Percentile by Number Answered

Percent of People with Each Score

Your Score History

You have not taken this quiz